The Behaviour of Animals : An Introduction to its Study (Record no. 592603)

MARC details
000 -LEADER
fixed length control field 00474nam a2200145Ia 4500
008 - FIXED-LENGTH DATA ELEMENTS--GENERAL INFORMATION
fixed length control field 100415s9999 xx 000 0 und d
082 ## - DEWEY DECIMAL CLASSIFICATION NUMBER
Item number 9667
Classification number 591.55
100 ## - MAIN ENTRY--PERSONAL NAME
Personal name Russell ES
245 ## - TITLE STATEMENT
Title The Behaviour of Animals : An Introduction to its Study
260 ## - PUBLICATION, DISTRIBUTION, ETC. (IMPRINT)
Place of publication, distribution, etc LONDON
Date of publication, distribution, etc 1934
Name of publisher, distributor, etc EDWARD ARNOLD AND CO.
365 ## - TRADE PRICE
Price amount 0
630 ## - SUBJECT ADDED ENTRY--UNIFORM TITLE
Uniform title The Behaviour of Animals : An Introduction to its Study
730 ## - ADDED ENTRY--UNIFORM TITLE
Uniform title The Behaviour of Animals : An Introduction to its Study
942 ## - ADDED ENTRY ELEMENTS (KOHA)
Koha item type Book
Holdings
Withdrawn status Lost status Damaged status Not for loan Home library Current library Date acquired Cost, normal purchase price Total Checkouts Full call number Barcode Date last seen Price effective from Koha item type
        Bombay Natural History Society Bombay Natural History Society 11/24/1997 0.00   591.55 9667 BNHS-9667 04/15/2010 04/15/2010 Book